Sir Charles Sedley, 1639-1701 ; a study in the life and literature of the restoration /

Bibliographic Details
Main Author: Pinto, Vivian de Sola
Format: Book
Language:English
Published: London : Constable & Company ltd., 1927.
Subjects:

MARC

Tag First Indicator Second Indicator Subfields
LEADER 00000cam a2200000 4500
001 in00000035915
005 20151007063543.0
008 760217s1927 enkcj b 00010 eng d
010 |a  28005821  
035 |a (OCoLC)01996395 
035 |9 AAD7666AM 
040 |a DGU  |c DGU  |d TXA  |d UtOrBLW 
049 |a TXAM  |c [155374] 
050 0 0 |a PR3671.S4  |b P5 
092 |a 822  |b S449Yp 
100 1 |a Pinto, Vivian de Sola. 
245 1 0 |a Sir Charles Sedley, 1639-1701 ;  |b a study in the life and literature of the restoration /  |c by V. De Sola Pinto ... 
264 1 |a London :  |b Constable & Company ltd.,  |c 1927. 
300 |a xi, 400 pages including geneal. tab :  |b 2 portrait (including frontispiece) ;  |c 23 cm. 
336 |a text  |b txt  |2 rdacontent 
337 |a unmediated  |b n  |2 rdamedia 
338 |a volume  |b nc  |2 rdacarrier 
504 |a "Principal manuscript sources and bibliography": pages 363-388. 
600 1 0 |a Sedley, Charles,  |c Sir,  |d 1639?-1701. 
999 |a MARS 
999 f f |s 02d8e580-27e1-39b6-bea2-ea4826376311  |i ef9f08ae-bc6a-37fa-bc80-a76b8105a746  |t 0 
952 f f |p normal  |a Texas A&M University  |b College Station  |c Sterling C. Evans Library  |d Evans: Library Stacks  |t 0  |e PR3671.S4 P5  |h Library of Congress classification  |i unmediated -- volume  |m A14801299578 
998 f f |a PR3671.S4 P5  |t 0  |l Evans: Library Stacks